LEADER 01290nam a2200313 a 4500 001 000000127471 003 CaOOAMICUS 005 20120203110132.0 008 120203s2010 it u000 u ita r 020 $a978-88-7487-037-0 040 $aPUL$bita 082 04$a150 100 1 $aFalabella, Mariangela.$0(OLS)http://pul/name/81321 245 10$aABC della psicologia generale :$bdai modelli teorici agli ambiti applicativi /$cMariangela Falabella. 260 $aRoma :$bMagi,$c2010. 300 $a214 p. ;$c21 cm. 490 1 $aPsicologia clinica 504 $aBibliografia: p. 209-214. 650 4$aPsicologia.$0(OLS)http://pul/subject/1547 650 4$aPsicologia clinica.$0(OLS)http://pul/subject/3414 830 0$aPsicologia clinica (Magi).$0(OLS)http://pul/title/161062 850 $aPUL 852 $aPUL$W1$xSL Filosofia 3$y81$m150 FALMA 1$j147488$qDDC 21$B146119$CPULBib$Z2$F146119 $H118494 $82 941 1 $a9 996 $6020$a978-88-7487-037-0$9(OLS)http://pul/number/148814 996 $6082$a150$9(OLS)http://pul/classification/361 996 $6245$aABC della psicologia generale :$bdai modelli teorici agli ambiti applicativi$9(OLS)http://pul/title/161061 996 $6260$aRoma :$bMagi$9(OLS)http://pul/publisher/81885 LEADER 01329nam a2200301 a 4500 001 000000123184 003 CaOOAMICUS 005 20100930112738.0 008 100930t2010 it u000 u ita r 020 $a978-88-207-4894-4 040 $aPUL$bita 082 04$a194 100 1 $aMarchetti, Adriano.$0(OLS)http://pul/name/77501 245 10$aSimone Weil :$bpoetica attenta con una scelta di testi /$cAdriano Marchetti. 260 $aNapoli :$bLiguori,$cİ2010. 300 $a243 p. ;$c20 cm 490 1 $aProtagonisti della cultura europea 600 14$aWeil, Simone,$d1909-1943.$0(OLS)http://pul/subject/17584 700 1 $aWeil, Simone,$d1909-1943.$tGruppi, scelte.$0(OLS)http://pul/nameTitle/897$0(OLS)http://pul/name/732$0(OLS)http://pul/title/132012 830 0$aProtagonisti della cultura europea.$0(OLS)http://pul/title/144789 850 $aPUL 852 $aPUL$W1$xSL Filosofia 3$y81$m194 MARAD 1$j141629$qDDC 21$B140656$CPULBib$Z2$F140656 $H114572 $82 941 1 $a9 996 $6020$a978-88-207-4894-4$9(OLS)http://pul/number/145490 996 $6082$a194$9(OLS)http://pul/classification/382 996 $6245$aSimone Weil :$bpoetica attenta con una scelta di testi$9(OLS)http://pul/title/155240 996 $6260$aNapoli :$bLiguori$9(OLS)http://pul/publisher/48007